|
|
|
|
| LEADER |
00953nam a2200265 a 4500 |
| 001 |
GR-Patra7836 |
| 008 |
991022s gr 000 b fre d |
| 020 |
|
|
|a 9607227158
|
| 040 |
|
|
|a GrPaTEI
|b gre
|c GR-PaULI
|
| 245 |
0 |
0 |
|a Cles de grammaire.
|
| 260 |
|
|
|a Αθήνα :
|b Eiffel,
|c c1992
|
| 300 |
|
|
|a 125σ.
|
| 490 |
1 |
|
|a Les outils de l'enseignement
|
| 650 |
|
0 |
|a FRENCH LANGUAGE
|
| 650 |
|
0 |
|a GRAMMAR
|
| 650 |
|
4 |
|a ΓΑΛΛΙΚΗ ΓΛΩΣΣΑ
|
| 650 |
|
4 |
|a ΓΡΑΜΜΑΤΙΚΗ
|
| 653 |
|
|
|a ΓΑΛΛΙΚΗ ΓΛΩΣΣΑ - ΓΡΑΜΜΑΤΙΚΗ
|
| 700 |
1 |
|
|a Μπέκος, Δημήτρης
|
| 710 |
0 |
|
|a Eiffel
|
| 830 |
|
0 |
|1 00112007
|1 2001
|a Les outils de l'enseignement
|
| 942 |
|
|
|2 ddc
|
| 952 |
|
|
|0 0
|1 0
|2 ddc
|4 0
|6 445_000000000000000_ΜΠΕ
|7 1
|9 288881
|a LISK
|b LISK
|c BSC
|d 2021-01-17
|e 24
|f 0
|g 0.00
|l 0
|o 445 ΜΠΕ
|p 9241006394
|r 2021-01-17 00:00:00
|t 1
|w 2021-01-17
|y BKN
|x 19991024 0 0
|x GrPaTEI
|
| 971 |
|
|
|a .b2655351x
|b 15-04-20
|c 23-09-16
|
| 999 |
|
|
|c 168557
|d 168557
|